| 000 | 00509nam a2200205Ia 4500 | ||
|---|---|---|---|
| 005 | 20240823022512.0 | ||
| 008 | 240823s9999||||xx |||||||||||||| ||und|| | ||
| 020 | _a0-07-060158-5 | ||
| 041 | _aENGLISH | ||
| 082 | _A658.8342 P7 | ||
| 100 | _a"Peter,Paul" | ||
| 245 | 0 | _aConsumer Behaviour and Marketing Strategy | |
| 250 | _a7th | ||
| 260 |
_c2006 _b"TMH,New " _aNew Delhi |
||
| 500 | _aYES | ||
| 650 |
_aConsumer _bManagement Studies |
||
| 700 | _a" Olson,Jerry C" | ||
| 942 | _cBK | ||
| 999 |
_c179317 _d179317 |
||